Central Library and Information Centre
Sibsagar Girls' College, Sivasagar : Assam

ALGEBRA (Record no. 9645)

MARC details
000 -LEADER
fixed length control field 00363cam a2200169ua 4500
008 - FIXED-LENGTH DATA ELEMENTS--GENERAL INFORMATION
fixed length control field 190424n1999 II |||gr||||Z||||||eng
040 ## - CATALOGING SOURCE
Original cataloging agency MAIN
041 ## - LANGUAGE CODE
-- English
082 ## - DEWEY DECIMAL CLASSIFICATION NUMBER
Classification number 512 KHA
100 ## - MAIN ENTRY--PERSONAL NAME
Personal name KHAN, R. M.
245 ## - TITLE STATEMENT
Title ALGEBRA
260 ## - PUBLICATION, DISTRIBUTION, ETC.
Place of publication, distribution, etc. NEW DELHI
Name of publisher, distributor, etc. NEW CENTURY PUBLICATION
Date of publication, distribution, etc. 1999
300 ## - PHYSICAL DESCRIPTION
Extent 863.
942 ## - ADDED ENTRY ELEMENTS (KOHA)
Koha item type Books
653 ## - INDEX TERM--UNCONTROLLED
Uncontrolled term Algebra
Holdings
Withdrawn status Lost status Damaged status Not for loan Collection code Home library Current library Shelving location Date acquired Full call number Barcode Date last seen Copy number Price effective from Koha item type Public note
        TBMAT Central Library and Information Centre Sibsagar Girls College Central Library and Information Centre Sibsagar Girls College MATHEMATICS BOOK RACK 21.07.2000 512 KHA 16637 27.02.2020 1 27.02.2020 Books V


Sibsagar Girl's College © 2020. All rights reserved.
Powered by Koha.
Maintained by Abhijit Borpuzari.